000 00823cam a22002653a 4500
001 1754
003 PGUSA
005 20140828083006.0
008 060222s2006||||xxu|||||s|||||000 | eng d
040 _aPGUSA
_beng
042 _adc
050 4 _aPG
100 1 _aChekhov, Anton Pavlovich,
_d1860-1904
245 1 4 _aThe Sea-Gull
_h[electronic resource] /
_cAnton Pavlovich Chekhov
260 _bProject Gutenberg,
_c2006
506 _aPublic domain in the USA.
516 _aElectronic text
653 _aRussian drama -- Translations into English
653 _aAuthors, Russian -- 19th century -- Drama
653 _aMan-woman relationships -- Drama
653 _aRussia -- Social life and customs -- Drama
830 0 _aProject Gutenberg
_v1754
856 4 0 _uhttp://www.gutenberg.org/ebooks/1754
942 _cEB
999 _c231100
_d231100